01200nam a2200169Ia 4500008004100000020001500041050002200056100003700078245008900115250001900204260003500223300003100258500002300289504004800312505061900360650005100979120625s1988 mx 001 0 spa d a9682428270 4aJF1355 bQ85 19881 aQuiroga Leos, Gustavoe , autor 10aOrganización y métodos en la administración públicac / Gustavo Quiroga Leos a2a. edición  aMéxicob : Trillasc , 1988  a304 páginas c ; 23 cm.  aReimpresión 2006 aBibliografía al final de cada capítulo 0 aEl marco general de la función de organización y métodos en la administración pública Antecedentes de modernización en la administración pública Evolución de la modernización de la administración pública Las unidades de organización y métodos Organización y funcionamiento de las unidades de organización y métodos El recurso de la teoría de la organización Metodología y técnicas de investigación administrativa Los manuales administrativos Metodología de elaboración el manual de organización Metodología de elaboración del manual de procedimientos  4aADMINISTRACIÓN PÚBLICA xORGANIZACIÓN